=LDR 00000nam 2200000 4500 =001 INLIS000000000023395 =005 20200304020402 =035 ##$$a 0010-061300000023395 =008 200304################g##########0#ind## =041 ##$$a Ind =082 ##$$a 160 =090 ##$$a 160, Pus l =100 ##$$a Puspoprodjo, W =245 1#$$a Logika ilmu menalar : $b Dasar - dasar berfikir tertib, logis, kritis, analitis, dialektis /$c DR. W. Poespoprodjo, S.H., Drs. EK.T. Gilarso =260 ##$$a Bandung :$b Pustaka Grafika,$c 1999 =300 ##$$a 187 Hlm. : $b Ilus ; $c 20 x14 cm. =650 #4$$a Logika =850 ##$$a NBPNMAT =084 ##$$a 160 Pus l =250 ##$$a Cet. 1 =700 #$$a EK.T. Gilarso =990 ##$$a DW00022174 =990 ##$$a DW00022165 =990 ##$$a DW00022173 =990 ##$$a 18.255/Pro-85